Comfort Crowd-Conan Gray Lyrics - Statistics

General Stats
  • This quiz has been taken 275 times
  • The average score is 191 of 245
Answer Stats
Lyrics % Correct
I
98%
a
97%
that
96%
That
96%
Comfort
92%
crowd
92%
me
92%
now
91%
we
91%
We
91%
just
90%
Just
90%
need
90%
someone
90%
and
89%
And
89%
around
89%
company
89%
don't
89%
But
88%
I'm
87%
mess
87%
care
85%
gettin
85%
gettin'
85%
the
85%
my
84%
My
84%
what
84%
needed
83%
on
82%
song
82%
This
82%
you
82%
You
82%
already
81%
heavy
81%
Or
81%
play
81%
make
80%
hurt
79%
body
78%
smile
78%
your
78%
hid
77%
Yeah
75%
by
72%
By
72%
come
72%
say
72%
Say
72%
time
72%
keep
71%
help
70%
really
69%
said
69%
there
69%
to
69%
I'mma
68%
I've
68%
knees
68%
up
68%
Beggin'
66%
like
66%
shirt
66%
soggy
66%
sweaty
66%
'till
66%
in
65%
made
65%
through
65%
Through
65%
unsteady
65%
holding's
64%
when
63%
lie
62%
they're
62%
all
61%
nobody
61%
screamin'
61%
shoulders
61%
sigh
61%
tears
61%
about
59%
belly
59%
cry
59%
lay
59%
are
58%
as
58%
fine
58%
mind
58%
laugh
57%
nothing
57%
here
56%
people
56%
short
56%
over
54%
sounds
54%
Tellin'
54%
breath's
53%
lots
52%
talkin'
52%
try
52%
Sittin'
51%
thinkin'
51%
upon
51%
ups
51%
Wellin'
51%
downs
50%
lifetime
50%
we're
50%
can
49%
loud
49%
too
49%
could
48%
hide
48%
if
48%
blood
47%
even
47%
spend
47%
always
46%
bound
45%
count
44%
rot
44%
smiles
35%
pouts
28%
No matching quizzes found
Score Distribution
Percent of People with Each Score
Percentile by Number Answered
Your Score History
You have not taken this quiz